| 000 | 00557nam a22001817a 4500 | ||
|---|---|---|---|
| 003 | OSt | ||
| 005 | 20140310182958.0 | ||
| 008 | 130208t xxu||||| |||| 00| 0 eng d | ||
| 020 | _a9789712354908 | ||
| 050 |
_aLC 4717.5 _b.M311 2009 |
||
| 245 |
_aManaging children with special needs : _b learning disability, ADHD, autism : special education handbook / |
||
| 260 |
_aManila : _bRex Book Store, _c2009. |
||
| 300 |
_ax, 304 p. : _b ill. ; _c25 cm. |
||
| 521 | _aEDU | ||
| 650 |
_aAutistic children _x Children. |
||
| 942 |
_2lcc _cBK _kLOC |
||
| 999 |
_c18058 _d18058 |
||